000 00332nam a2200133Ia 4500
005 20251222144809.0
008 251222s9999||||xx |||||||||||||| ||spa||
020 _a84-206-3384-4
082 _a868.65/G23R
100 _aGarcĂ­a Lorca, Federico
245 0 _aPrimer Romancero Gitano (1924-1927):
264 _bAlianza
942 _cLIB
999 _c20032
_d20032